Tötungen nach Länder - Statistiken

Allgemein
  • Dieses Quiz wurde 152 mal gespielt
  • Das Durchschnittsergebnis liegt bei 11 aus 15
Antwortstatistiken
Hint Antwort % Korrekt
21.593 USA
98%
33.287 Mexiko
92%
45.562 Brasilien
91%
7.157 China
90%
9.866 Russland
87%
41.330 Indien
84%
13.166 Kolumbien
82%
5.444 Venezuela
74%
19.972 Südafrika
65%
9.937 Pakistan
63%
5.459 Irak
60%
10.322 DR Kongo
59%
44.200 Nigeria
54%
4.859 Ecuador
40%
7.552 Äthiopien
34%
Keine übereinstimmenden Quizze gefunden
Verteilung der Resultate
Anzahl Personen mit jedem Resultat
Perzentil nach korrekt beantworteten Fragen
Ihre Resultats-Entwicklung
Sie haben dieses Quiz noch nicht gespielt